|
|
|
|
| LEADER |
00000cam a2200000 7i4500 |
| 001 |
0000049349 |
| 005 |
20220105104152.0 |
| 008 |
150628 |
| 020 |
|
|
|a 0710506406
|
| 020 |
|
|
|a 9780710506405
|
| 090 |
0 |
0 |
|a CT
|b ENG
|
| 245 |
1 |
0 |
|a Jack and The Beanstalk
|c retold by Ian Pilinger
|
| 260 |
|
|
|a England :
|b Peter Haddock Ltd. ,
|c [s.n.]
|
| 490 |
1 |
|
|a A fairy Tale Picture-Word Book
|
| 500 |
|
|
|a Children age 4-6 years old (yellow)
|
| 650 |
|
0 |
|a English Fiction
|
| 999 |
|
|
|a 0000937767
|b Book
|c Children Collection
|e Cawangan Tangkak
|
| 999 |
|
|
|a 0001042290
|b Book
|c Children Collection
|e Cawangan Tmn. Ungku Tun Aminah
|
| 999 |
|
|
|a 0001042291
|b Book
|c Children Collection
|e Cawangan Bandar Penawar
|
| 999 |
|
|
|a 0001042292
|b Book
|c Children Collection
|e Cawangan Tmn. Ungku Tun Aminah
|
| 999 |
|
|
|a 0001042294
|b Book
|c Children Collection
|e Cawangan Segamat
|
| 999 |
|
|
|a 00923806
|b Book
|c Children Collection
|e Cawangan Bukit Gambir
|